Un pays frontalier pour chaque pays - Afrique - Statistiques

Statistiques générales
  • Ce quiz a été pris 54 fois
  • Le résultat moyen est 45 sur 53
Statistiques - réponses
Pays Pays frontaliers % Correct
Afrique du Sud Botswana, Lesotho, Mozambique, Namibie, Eswatini, Zimbabwe
98%
Algérie Libye, Mali, Maroc, Mauritanie, Niger, Tunisie
98%
Botswana Afrique du Sud, Namibie, Zambie, Zimbabwe
94%
Burkina Faso Bénin, Côte d'Ivoire, Ghana, Mali, Niger, Togo
94%
Bénin Burkina, Niger, Nigeria, Togo
94%
Cameroun Gabon, Guinée équatoriale, Nigeria, République du Congo, Tchad, République centrafricaine
94%
Angola Namibie, République du Congo, République démocratique du Congo, Zambie
92%
Côte d'Ivoire Burkina Faso, Ghana, Guinée, Libéria, Mali
90%
Gabon Cameroun, Guinée équatoriale, République du Congo
90%
Burundi République démocratique du Congo, Rwanda, Tanzanie
90%
Libye Algérie, Égypte, Niger, Soudan, Tchad, Tunisie
88%
Rép. dém. du Congo Angola, Burundi, Ouganda, Centrafrique, Congo, Rwanda, Soudan du Sud, Tanzanie, Zambie
88%
Congo Angola, Cameroun, Gabon, Centrafrique, Rép. dém. du Congo
88%
Guinée équatoriale Cameroun, Gabon
88%
Éthiopie Djibouti, Érythrée, Kenya, Somalie, Soudan, Soudan du Sud
88%
Égypte Israël, Libye, Soudan
88%
Centrafrique Rép dém du Congo, République du Congo, Soudan, Soudan du Sud, Tchad
88%
Namibie Afrique du Sud, Angola, Botswana, Zambie
86%
Eswatini Afrique du Sud, Mozambique
86%
Niger Algérie, Bénin, Burkina Faso, Libye, Mali, Nigeria, Tchad
86%
Mali Algérie, Burkina Faso, Côte d'Ivoire, Guinée, Mauritanie, Niger, Sénégal
86%
Rwanda Burundi, Ouganda, République démocratique du Congo, Tanzanie
86%
Guinée Côte d'Ivoire, Guinée-Bissau, Liberia, Mali, Sénégal, Sierra Leone
86%
Libéria Côte d'Ivoire, Guinée, Sierra Leone
86%
Érythrée Djibouti, Éthiopie, Soudan
86%
Sénégal Gambie, Guinée, Guinée-Bissau, Mali, Mauritanie
86%
Guinée-Bissau Guinée, Sénégal
86%
Ouganda Kenya, Rép dém du Congo, Rwanda, Soudan du Sud, Tanzanie
86%
Lesotho Afrique du Sud
84%
Mozambique Afrique du Sud, Malawi, Eswatini, Tanzanie, Zambie, Zimbabwe
84%
Maroc Algérie, Espagne, Mauritanie
84%
Tunisie Algérie, Libye
84%
Mauritanie Algérie, Mali, Maroc, Sénégal
84%
Zambie Angola, Botswana, Mali, Mozambique, Namibie, Rép. dém. du Congo, Tanzanie, Zimbabwe
84%
Nigeria Bénin, Cameroun, Niger, Tchad
84%
Ghana Burkina Faso, Côte d'Ivoire, Togo
84%
Tchad Cameroun, Libye, Niger, Nigeria, Centrafrique, Soudan
84%
Soudan Égypte, Érythrée, Éthiopie, Libye, Centrafrique, Soudan du Sud, Tchad
84%
Djibouti Érythrée, Éthiopie, Somalie
84%
Soudan du Sud Éthiopie, Kenya, Ouganda, Centrafrique, Rép dém Congo, Soudan
84%
Kenya Éthiopie, Ouganda, Somalie, Soudan du Sud, Tanzanie
84%
Gambie Sénégal
84%
Zimbabwe Afrique du Sud, Botswana, Mozambique, Zambie
82%
Tanzanie Burundi, Kenya, Malawi, Mozambique, Ouganda, Rép dém du Congo, Rwanda, Zambie
82%
Somalie Djibouti, Éthiopie, Kenya
82%
Togo Bénin, Burkina Faso, Ghana
80%
Sierra Leone Guinée, Liberia
80%
Malawi Mozambique, Tanzanie, Zambie
80%
Cap-Vert Aucun
61%
Madagascar Aucun
61%
Maurice Aucun
61%
Sao-Tomé-et-Principe Aucun
61%
Seychelles Aucun
61%
Aucun quiz correspondant
Distribution des résultats
% des personnes avec chaque résultat
Percentile par nombre de réponses
Votre historique - résultats
Vous n’avez pas pris ce quiz